LIBRARY & INFORMATION CENTRE, KCAET, TAVANUR

ONLINE PUBLIC ACCESS CATALOGUE (OPAC)

Fundamentals of fluid mechanics (Record no. 13893)

MARC details
000 -LEADER
fixed length control field 00400nam a22001697a 4500
020 ## - INTERNATIONAL STANDARD BOOK NUMBER
ISBN 9788126523924
082 ## - DEWEY DECIMAL CLASSIFICATION NUMBER
Classification number 532
Item number MUN/FU
100 ## - MAIN ENTRY--AUTHOR NAME
Personal name Munson, Bruce R
245 ## - TITLE STATEMENT
Title Fundamentals of fluid mechanics
250 ## - EDITION STATEMENT
Edition statement 6th ed
260 ## - PUBLICATION, DISTRIBUTION, ETC. (IMPRINT)
Place of publication New Delhi
Name of publisher Wiley India
Year of publication 2012
300 ## - PHYSICAL DESCRIPTION
Number of Pages 713
700 ## - ADDED ENTRY--PERSONAL NAME
Personal name Young, Donald F
700 ## - ADDED ENTRY--PERSONAL NAME
Personal name Okiishi, Theodore H
700 ## - ADDED ENTRY--PERSONAL NAME
Personal name Huebsch, Wade W
942 ## - ADDED ENTRY ELEMENTS (KOHA)
Koha item type Books
Holdings
Withdrawn status Lost status Damaged status Collection code Home library Current library Shelving location Date acquired Source of acquisition Cost, normal purchase price Full call number Accession Number Koha item type
      Non-fiction KAUAET KAUAET General Stacks 30/03/2013 Calicut Book Distributors 689.00 532 MUN/FU 23713 Books
free website counter